000
00312nam a22001337a 4500
003
SGT
082
_a
616.024
_b
C15M
100
_a
MASTER, FAROKH J.
245
_a
CLINICAL THERAPEUTIES ACUTE RESPIRATORY DISEASE
260
_a
INDIA
_b
B.JAIN PUB
_c
2015
300
_a
336
650
_a
HOMOEOPATHIC
942
_2
ddc
_c
BK
999
_c
20486
_d
20486